000 00780nam a2200241 i 4500
005 20200104041614.0
008 160115s2009 ck |r||| |||| 00spa dpa d
020 _a9789587140965
040 _aCO-BoIAVH
_cCO-BoIAVH
041 _aspa
044 _ack
082 0 4 _a333.72
_bS62s
245 0 0 _aSistema Metropolitano de áreas protegidas - SIMAP
260 _aMedellin :
_bUniversidad de Antioquia,
_c2009.
300 _a40 p.
650 1 4 _aÁreas protegidas
650 2 4 _aConservación de la diversidad biológica
650 2 4 _aConservación de los recursos naturales
650 2 4 _aConservación del medio ambiente
650 2 4 _aParques naturales
710 2 _aArea Metropolitana del Valle de Aburrá
942 _cLIBRO
_2ddc
999 _c7092
_d7092